Normal view
MARC view
- عبدالعزيز،صالح
Entry Personal Name
001 - CONTROL NUMBER
- control field: 8760
003 - CONTROL NUMBER IDENTIFIER
- control field: JO-AjAnu
005 - DATE AND TIME OF LATEST TRANSACTION
- control field: 20230606071718.0
008 - FIXED-LENGTH DATA ELEMENTS
- fixed length control field: 230606|| aca||aabn | a|a d
040 ## - CATALOGING SOURCE
- Original cataloging agency: JO-AjAnu
- Transcribing agency: JO-AjAnu
100 ## - HEADING--PERSONAL NAME
- Personal name: عبدالعزيز،صالح
670 ## - SOURCE DATA FOUND
- Source citation: Work cat.: (JO-AjAnu)4521: عبدالعزيز،صالح, author, التربية الحديثة:مادتها-مبادئها-تطبيقاتها العملية(التربية وطرق التدريس)، ج3